Regionalización gasto del producto geográfico bruto a precios constantes del año 1965 1960-1976

Gespeichert in:
Bibliographische Detailangaben
Körperschaften: ODEPLAN (VerfasserIn), Oficina de Planificación Nacional (VerfasserIn)
Format: Buch
Sprache:Spanisch
Veröffentlicht: Santiago ODEPLAN 1978
Schlagworte:
Tags: Tag hinzufügen
Keine Tags, Fügen Sie den ersten Tag hinzu!

MARC

LEADER 00000nam a2200000 a 4500
001 UCR4636
003 CL-VaPUC
008 980313e19780000CL |||||||||||||||||spa|d
082 0 4 |a 352.007  |b ODE  |2 21 
110 2 |a ODEPLAN  |e author  |9 405058 
710 2 |a Oficina de Planificación Nacional  |e author  |9 405059 
245 1 0 |a Regionalización gasto del producto geográfico bruto a precios constantes del año 1965 1960-1976 
300 |a 98 p 
942 |c BK 
945 |d 19980313 00:00:00  |a cmena 
260 |a Santiago  |b ODEPLAN  |c 1978 
650 0 |a Regionalización   |9 255465 
650 0 |a Planificación regional   |9 257050 
650 7 |a DERECHO  |2 CL-VaPUC  |9 405060 
650 0 |a Análisis estadístico  |9 269506 
650 0 |a Demografía   |9 260008 
650 0 |a Recursos naturales  |9 255232 
650 7 |a HACIENDA  |2 CL-VaPUC  |9 342348 
651 7 |a CHILE  |2 CL-VaPUC  |9 405061 
583 |a last modification  |c 19980313 00:00:00  |k Rodrigo Vera 
999 |c 267536  |d 267534 
952 |0 0  |1 0  |4 0  |6 352_007000000000000_ODE_1978  |7 0  |8 P  |9 299925  |a BIBDER  |b BIBDER  |d 2019-11-20  |i 1960466  |o 352.007 ODE 1978  |p 1960466  |r 2023-01-25  |w 2019-11-20  |y BK  |k DER